[Event "HUN-chT2 Barcza 1415"]
[Site "Hungary"]
[Date "2014.11.30"]
[Round "?"]
[White "Kovacs, Istvan"]
[Black "Dudas, Zoltan"]
[Result "1/2-1/2"]
[WhiteElo "1966"]
[BlackElo "1783"]
[PlyCount "26"]
[EventDate "2014.09.07"]
[EventType "team-tourn"]
[EventRounds "11"]
[EventCountry "HUN"]
[SourceTitle "EXT 2016"]
[Source "ChessBase"]
[SourceDate "2015.10.08"]
[SourceVersion "1"]
[SourceVersionDate "2015.10.08"]
[SourceQuality "1"]
[WhiteTeam "Debrecen Sakkiskola"]
[BlackTeam "Edeleny"]
[WhiteTeamCountry "HUN"]
[BlackTeamCountry "HUN"]

1. d4 d5 2. c4 c6 3. Nc3 Nf6 4. Nf3 Bf5 5. Qb3 Qb6 6. Bf4 e6 7. e3 Nbd7 8. h3 Be7 9. Be2 0-0 10. 0-0 Bg6 11. Rac1 Ne4 12. Rfd1 f5 13. Na4 Qb4 1/2-1/2

[Event "HUN-chT2 Barcza 1314"]
[Site "Hungary"]
[Date "2013.11.03"]
[Round "4"]
[White "Kiss, Gergo"]
[Black "Dudas, Zoltan"]
[Result "1-0"]
[WhiteElo "1869"]
[BlackElo "1835"]
[PlyCount "151"]
[EventDate "2013.09.08"]
[EventType "team-tourn"]
[EventRounds "11"]
[EventCountry "HUN"]
[SourceTitle "EXT 2016"]
[Source "ChessBase"]
[SourceDate "2015.10.08"]
[SourceVersion "1"]
[SourceVersionDate "2015.10.08"]
[SourceQuality "1"]
[WhiteTeam "Nyiregyhaza"]
[BlackTeam "Edeleny"]
[WhiteTeamCountry "HUN"]
[BlackTeamCountry "HUN"]

1. d4 e6 2. c4 d5 3. Nf3 Nf6 4. Nc3 Be7 5. Bf4 0-0 6. e3 Nbd7 7. Bd3 Nh5 8. Bg3 c6 9. Qc2 g6 10. 0-0 f5 11. Rad1 Nhf6 12. Ne5 Ne4 13. Nxd7 Bxd7 14. Be5 Qa5 15. f3 Nf6 16. e4 Rac8 17. Qb3 Qb6 18. Qxb6 axb6 19. cxd5 exd5 20. exd5 Nxd5 21. Bc4 Be6 22. Rfe1 Bf7 23. Nxd5 Bxd5 24. Bxd5+ cxd5 25. Rc1 Rc6 26. Rxc6 bxc6 27. Rc1 c5 28. b3 Rc8 29. Kf2 Kf7 30. Ke2 b5 31. dxc5 Rxc5 32. Rxc5 Bxc5 33. Kd3 Ke6 34. Bf4 Bg1 35. a4 bxa4 36. bxa4 Kd7 37. h3 Bb6 38. Be3 Bc7 39. Bc5 Kc6 40. Bb4 Bd8 41. g4 fxg4 42. fxg4 Bf6 43. Bc3 Bg5 44. Bd4 Be7 45. Ke3 Bd6 46. h4 Bc7 47. h5 Bd6 48. a5 Kb5 49. Bb6 Bh2 50. hxg6 hxg6 51. Kd4 Kc6 52. Bd8 Bg1+ 53. Ke5 d4 54. Ke4 Kb5 55. Kd3 Kc5 56. Bb6+ Kd5 57. a6 Kc6 58. Bxd4 Bh2 59. Ke4 Bd6 60. a7 Kb7 61. Kd5 Bf4 62. Ke6 Bd2 63. Kf6 g5 64. Kf5 Bc1 65. Ke4 Bd2 66. Be3 Bb4 67. Kf5 Be7 68. Bxg5 Bc5 69. Bf4 Be7 70. Be5 Kxa7 71. Bf6 Bb4 72. g5 Bd2 73. g6 Bh6 74. Ke6 Kb7 75. Kf7 Kc8 76. Be7 1-0